| 000 -ლიდერი |
| ფიქსირებული სიგრძის საკონტროლო ველი |
01271nam a2200253Ia 4500 |
| 001 - საკონტროლო ნომერი |
| საკონტროლო ველი |
17272 |
| 003 - საკონტროლო ნომრის იდენტიფიკატორი |
| საკონტროლო ველი |
GE_BSU |
| 005 - ბოლო ოპერაციის თარიღი და დრო |
| საკონტროლო ველი |
20221024143442.0 |
| 008 - ფიქსირებული სიგრძის მონაცემთა ელემენტები - ზოგადი ინფორმაცია |
| ფიქსირებული სიგრძის საკონტროლო ველი |
181216s2012ge xx |||||||||||||| ||geo|| |
| 020 ## - წიგნის საერთაშორისო სტანდარტული ნომერი |
| International Standard Book Number |
9789941451584 |
| 040 ## - კატალოგიზაციის წყარო |
| Transcribing agency |
GE_BSU |
| 041 ## - ენის კოდი |
| Language code of text/sound track or separate title |
geo |
| 080 ## - უნივერსალური ათობითი კლასიფიკაციის ინდექსი |
| Universal Decimal Classification number |
69 ჩ-59 |
| 100 ## - მთავარი ჩანაწერი - პიროვნების სახელი |
| Personal name |
ჩინგი, ფ. დ.კ. (ფრანსის დ.კ.) |
| 9 (RLIN) |
15483 |
| 245 ## - ცნობა სათაურის შესახებ |
| Title |
შენობა- ნაგებობების კოდექსები. ილუსტრირებული : |
| Remainder of title |
შენობა- ნაგებობების 2012 წლის საერთაშორისო კოდექსის ილუსტრირებული გზამკვლევი / |
| Statement of responsibility, etc |
ფრანსის დ.კ. ჩინგი, სტივენ რ. უინკელი. |
| 250 ## - გამოცემის ცნობა |
| Edition statement |
მე-4 გამოცემა |
| 264 ## - წარმოების, გამოცემის, დისტრიბუციის და სხვა ცნობები |
| გამოცემის, წარმოების, დისტრიბუციის... ადგილი |
თბილისი : |
| გამოცემის, წარმოების, დისტრიბუციის... სახელწოდება |
საუნჯე, |
| გამოცემის, წარმოების, დისტრიბუციის... თარიღი |
2012. |
| 300 ## - ფიზიკური აღწერა |
| Extent |
434 გვ.: |
| Other physical details |
ილ. ; |
| Dimensions |
27 სმ. |
| 504 ## - BIBLIOGRAPHY, ETC. NOTE |
| Bibliography, etc |
ბიბლიოგრ.: გვ. 415. |
| 653 ## - INDEX TERM--UNCONTROLLED |
| Uncontrolled term |
მშენებლობა |
| 653 ## - INDEX TERM--UNCONTROLLED |
| Uncontrolled term |
შენობა- ნაგებობების კოდექსები |
| 700 ## - ADDED ENTRY--PERSONAL NAME |
| Personal name |
უინკელი, სტივენ რ |
| 9 (RLIN) |
15484 |
| 942 ## - ADDED ENTRY ELEMENTS (KOHA) |
| Koha item type |
წიგნი |
| Source of classification or shelving scheme |
|